000 00427nam a2200109Ia 4500
008 160909s9999 xx 000 0 und d
100 _aHerrera, Elizabeth A.
245 4 _aThe effect of correct and incorrect video models on the acquisition of skills taught in behavioral parent training
260 _bniversity of the Pacific.
_c2016
650 _aPSYCHOLOGY
856 _uhttp://pqdtopen.proquest.com/doc/1758252452.html?FMT=ABS
999 _c304067
_d304067